[Event "Odorheiu Secuiesc"]
[Site "Odorheiu Secuiesc"]
[Date "1993.??.??"]
[Round "5"]
[White "Ibragimov, Ildar"]
[Black "Rogozenco, Dorian"]
[Result "1-0"]
[WhiteElo "2540"]
[BlackElo "2480"]
[Annotator "Ribli,Z"]
[PlyCount "34"]
[EventDate "1993.05.??"]
[EventType "tourn"]
[EventRounds "11"]
[EventCountry "ROU"]
[EventCategory "12"]
[SourceTitle "CBM 036"]
[Source "ChessBase"]
[SourceDate "1993.10.01"]
[SourceVersion "1"]
[SourceVersionDate "1993.10.01"]
[SourceQuality "1"]

1. c4 e5 2. Nc3 Bb4 3. Nd5 Be7 4. d4 d6 5. g3 $5 (5. Nf3 {Gelfand,B-Shirov,A/
Moscow Alekhine/1992/CBM33/}) 5... f5 (5... Nc6 6. e3 exd4 7. exd4 Nf6 8. Bg2
O-O 9. Ne2 Bg4 10. Be3 $14) 6. Bg2 Nf6 7. Nf3 Nc6 8. O-O O-O 9. Nc3 Qe8 (9...
e4 10. Ng5 h6 11. Nh3 g5 12. f3 $14) 10. d5 Nd8 11. Nb5 Qd7 12. a4 a6 (12... c6
13. Nc3 $14) 13. Nc3 Qe8 14. e4 $1 fxe4 15. Ng5 $14 Bg4 (15... Qg6 $5) 16. Qc2
Qh5 17. Ncxe4 h6 $4 (17... h6 $4 18. Nxf6+ Rxf6 19. Qh7+ Kf8 20. Qh8# $18) (
17... Nxe4 18. Nxe4 Nf7 19. c5 $14) 1-0

[Event "Brno-B"]
[Site "Brno"]
[Date "1993.??.??"]
[Round "9"]
[White "Horvath, Gyula"]
[Black "Sherzer, Alex"]
[Result "1-0"]
[WhiteElo "2450"]
[BlackElo "2500"]
[Annotator "Ribli,Z"]
[PlyCount "134"]
[EventDate "1993.08.??"]
[EventType "tourn"]
[EventRounds "9"]
[EventCountry "CZE"]
[EventCategory "9"]
[SourceTitle "CBM 038"]
[Source "ChessBase"]
[SourceDate "1994.02.01"]
[SourceVersion "1"]
[SourceVersionDate "1994.02.01"]
[SourceQuality "1"]

1. c4 e5 2. Nc3 Bb4 3. Nd5 Ba5 4. b4 c6 5. bxa5 cxd5 6. cxd5 Qxa5 7. e4 d6 $6 (
7... Nf6 $5 {Lautier,J-Kotronias,V/Chaldiki/1992/CBM32/}) 8. Ne2 (8. Qb3 $1 $14
{/\ Ba3}) 8... f5 9. Nc3 Nf6 (9... fxe4 10. Qh5+ $1 g6 11. Qh4 $14) 10. Bb5+
Bd7 11. Bxd7+ Nbxd7 12. exf5 Nb6 (12... Nxd5 $6 13. Qh5+ Kf8 14. O-O N7f6 15.
Qh3 Kf7 16. Rb1 $1 $14) 13. Rb1 $1 O-O 14. Rb5 Qa6 15. O-O (15. a4 Rac8 16. Qb3
$14) 15... Rac8 16. a4 Nfd7 17. Qb3 Nc5 18. Qb4 Rxf5 (18... Nbxa4 $2 19. Ra5
Qb6 20. Rxa4 $18) 19. a5 Nbd7 20. Qb1 Rcf8 21. d3 b6 22. axb6 axb6 (22... Nxb6
23. Ne4 Nxd5 24. Nxc5 dxc5 25. Rxc5 $14) 23. Ne4 $1 Qa8 24. Nxd6 Rh5 25. Nc4
Qxd5 26. Nxb6 Nxb6 27. Rxb6 Qxd3 (27... Nxd3 $5 28. Be3 $14) 28. Qa2+ $1 Kh8
29. Ba3 e4 30. Qf7 $1 Ra8 31. Qxh5 Qxa3 32. Qf5 (32. Qg5 $5) 32... e3 33. fxe3
Qxe3+ 34. Qf2 Qe7 35. Rb5 Nd7 36. Qd4 Nf6 37. Re5 Qc7 38. h3 h6 39. Rc5 Qg3 40.
Rc3 Qg5 41. Rc5 Qg3 42. Rc6 Kh7 $2 43. Rf3 $2 (43. Rcxf6 $1 gxf6 44. Qe4+ $18)
43... Qe1+ 44. Kh2 Re8 45. Rc7 Re7 46. Qd3+ Kg8 47. Rc8+ Kf7 48. Qd5+ Qe6 49.
Qh5+ g6 50. Qc5 Qe5+ 51. Qxe5 Rxe5 52. Rc7+ Re7 53. Rxe7+ Kxe7 54. Kg3 Ke6 55.
Ra3 g5 56. Ra5 Kf7 57. Kf3 Kg6 58. Ke3 Nh5 59. Ra6+ Kg7 60. Ke4 Nf4 61. Kf3 Nh5
62. Kg4 Nf4 63. g3 Ne2 64. Re6 Nd4 65. Re4 Nb5 66. Kh5 Nd6 67. Re7+ Kf6 1-0

[Event "Rishon Le Ziyyon"]
[Site "Rishon Le Ziyyon"]
[Date "1994.??.??"]
[Round "6"]
[White "Kantsler, Boris"]
[Black "Zilberman, Yaacov"]
[Result "1/2-1/2"]
[WhiteElo "2430"]
[BlackElo "2460"]
[Annotator "Ribli,Z"]
[PlyCount "59"]
[EventDate "1994.11.??"]
[EventType "tourn"]
[EventRounds "11"]
[EventCountry "ISR"]
[EventCategory "11"]
[SourceTitle "CBM 045"]
[Source "ChessBase"]
[SourceDate "1995.04.01"]
[SourceVersion "1"]
[SourceVersionDate "1995.04.01"]
[SourceQuality "1"]

1. c4 e5 2. Nc3 d6 3. d4 exd4 4. Qxd4 Nc6 5. Qd2 g6 6. b3 Bg7 7. Bb2 Nf6 8. g3
O-O 9. Bg2 (9. Nh3 $5 Ne5 (9... a6 10. Bg2 Rb8 11. Nf4 Ne5 12. O-O b5 13. cxb5
axb5 14. Rac1 $1 $14 {Minev-Ornstein/Rimavska Sobota/1974/INF17,43/}) (9... Re8
10. Nf4 Bf5 11. Bg2 h5 12. O-O h4 13. Nfd5 $14 {Badea Takacs,B-Velikov,P/
Balkaniad 1990/CBM21/}) 10. Bg2 a5 11. Rc1 Bd7 12. Nf4 a4 13. O-O $14 {Ruf,
M-Hickl,J/FRG-ch/1989/CBM15/}) 9... Re8 10. Nh3 (10. Nf3 Bf5 11. O-O Ne4 12.
Nxe4 Bxe4 13. Rfd1 Qe7 14. Bh3 Bxf3 15. exf3 Bxb2 16. Qxb2 Qe5 17. Qd2 Qf6 18.
f4 h5 $13 {Suba,M-Watson,W/Walsall/1992/CBM32/}) 10... d5 $1 (10... Bxh3 11.
Bxh3 Ne4 12. Nxe4 Bxb2 13. Qxb2 Rxe4 14. O-O Qe8 15. e3 a5 16. Bg2 $14 {
Smejkal,J-Mjagmarsuren/Skopje ol/1972/}) 11. cxd5 (11. Nxd5 Bxh3 12. Bxh3 Ne4
13. Qc1 Nd4 $44 {Sadler,M-McNab,C/London WFW/1989/}) 11... Bxh3 12. Bxh3 Nxd5
13. Nxd5 Bxb2 14. Rd1 (14. Qxb2 Qxd5 15. O-O Nd4 $36) 14... Bg7 15. Bg2 Nd4 16.
e3 c6 17. O-O Ne6 (17... cxd5 18. exd4 Qd7 $10) 18. Nf4 Nxf4 19. gxf4 Qb6 $10
20. Qc2 Rad8 21. Rxd8 Rxd8 22. Rd1 Bf6 23. Rd3 (23. Rxd8+ Qxd8 24. Bf1 Qd6 $10
{Zak,U-Zilberman,Y/Tel Aviv-B/1991/}) 23... Rxd3 24. Qxd3 Qa5 25. Qe2 Qf5 26.
Qd1 a5 27. Bf3 h5 28. Kg2 Kg7 29. h3 Bc3 30. Be2 {Ribli} 1/2-1/2

[Event "Kuala Lumpur"]
[Site "Kuala Lumpur"]
[Date "1994.??.??"]
[Round "5"]
[White "Gaprindashvili, Nona"]
[Black "Torre, Eugenio"]
[Result "0-1"]
[WhiteElo "2365"]
[BlackElo "2520"]
[Annotator "Ribli,Z"]
[PlyCount "100"]
[EventDate "1994.03.??"]
[EventType "tourn"]
[EventRounds "10"]
[EventCountry "MAS"]
[EventCategory "10"]
[SourceTitle "CBM 041"]
[Source "ChessBase"]
[SourceDate "1994.08.01"]
[SourceVersion "1"]
[SourceVersionDate "1994.08.01"]
[SourceQuality "1"]

1. d4 d6 2. c4 e5 3. Nf3 e4 4. Ng5 f5 5. Nh3 c6 6. Nc3 Na6 7. e3 (7. g3 $5 {
Portisch,L-Gulko,B/Biel izt/1993/CBM37/INF58,27/}) 7... Nf6 8. Nf4 (8. Be2 Be7
9. O-O O-O 10. f3 Nc7 11. Qb3 Kh8 $13 {Portisch,L-Torre,E/Manila izt/1990/
CBM19/INF49,30/}) 8... Nc7 9. d5 Be7 10. h4 O-O 11. Be2 Nfe8 $5 (11... cxd5 12.
cxd5 Nd7 13. g3 Bf6 14. Bd2 Be5 $13 {Salov,V-Romero Holmes/Madrid/1992/INF54,
24/}) 12. g3 Bf6 13. Qb3 (13. Bd2 $5) 13... Na6 14. Bd2 Nec7 15. a3 Nc5 16. Qc2
a5 17. Rb1 (17. b3 cxd5 18. Nfxd5 Nxd5 19. cxd5 a4 20. b4 Nb3 $36) 17... a4 18.
O-O Bd7 19. Rfd1 Be5 20. Be1 Qf6 21. Na2 cxd5 22. cxd5 (22. Nxd5 Nxd5 23. cxd5
Rfc8 $15) 22... Rfc8 23. Bc4 Bb5 24. Bxb5 Nxb5 25. Qe2 Bxf4 26. gxf4 (26. Qxb5
Be5 $15) 26... Nc7 27. Qh5 N7a6 28. Bc3 Qf7 29. Qxf7+ Kxf7 $15 30. Kf1 (30. Nc1
b5 31. Kf1 Rab8 32. Ke2 (32. Rd4 $5) 32... b4 33. axb4 Nxb4 $15) 30... Nd3 31.
Ke2 h5 32. Rd2 (32. Rg1 g6 33. Rg5 Nac5 34. Rbg1 Rg8 $15) 32... Nac5 33. Rg1 g6
34. f3 Nb3 35. Rxd3 (35. Rdd1 Nxb2 $1 36. Bxb2 Rc2+ $19) 35... exd3+ 36. Kxd3
Nc5+ 37. Ke2 Nd7 38. Rd1 Rc4 39. Rd2 Re8 40. Kd3 (40. Kf2 $5) 40... Rc5 41. e4
Nf6 42. Re2 $2 (42. Bxf6 $5 Kxf6 43. Nc3 $15) 42... Nxd5 $1 43. exd5 Rxd5+ 44.
Kc4 Rxe2 45. Kxd5 Rh2 $1 46. Nb4 (46. Be1 Rxb2 47. Nc3 b5 $19) 46... Rxh4 47.
Nd3 Rh1 48. Nf2 Rh2 49. Bd4 h4 50. Kxd6 h3 0-1

[Event "Olympiad-31"]
[Site "Moscow"]
[Date "1994.12.11"]
[Round "10.1"]
[White "Gulko, Boris F"]
[Black "Granda Zuniga, Julio E"]
[Result "1-0"]
[WhiteElo "2590"]
[BlackElo "2620"]
[Annotator "Ribli,Z"]
[PlyCount "63"]
[EventDate "1994.12.01"]
[EventType "team-swiss"]
[EventRounds "14"]
[EventCountry "RUS"]
[SourceTitle "CBM 045"]
[Source "ChessBase"]
[SourceDate "1995.04.01"]
[SourceVersion "1"]
[SourceVersionDate "1995.04.01"]
[SourceQuality "1"]
[WhiteTeam "US of America"]
[BlackTeam "Peru"]
[WhiteTeamCountry "USA"]
[BlackTeamCountry "PER"]

1. c4 e5 2. Nc3 Bb4 3. Nd5 Be7 4. d4 d6 5. e4 Nf6 (5... c6 6. Nxe7 Qxe7 7. Ne2
f5 8. dxe5 Qxe5 9. exf5 Nf6 10. Qd4 Bxf5 11. Bf4 Qa5+ 12. Qc3 Qxc3+ 13. Nxc3
O-O 14. O-O-O $16 {Kasparov,G-Shirov,A/Novgorod/1994/CBM43/INF61,15/}) (5...
Nc6 6. Nxe7 Ngxe7 7. Ne2 $5 $14) 6. Nxe7 Qxe7 7. f3 Nh5 8. Ne2 (8. Be3 $5 O-O
9. d5 $14) 8... O-O 9. Be3 exd4 $6 (9... f5 $1 10. exf5 exd4 11. Qxd4 Nc6 12.
Qd2 Bxf5 $10 {Lautier,J-Shirov,A/Las Palmas/1994/CBM42/INF60,20/}) 10. Bxd4 Nc6
(10... f5 $5 11. exf5 Bxf5 12. g4 Bxg4 13. fxg4 Qe4 14. Rg1 Nf4 15. Rg3 Nc6 $40
{Shirov}) 11. g4 Bxg4 (11... Nxd4 12. Qxd4 Qh4+ 13. Qf2 Qxf2+ 14. Kxf2 Nf6 15.
Nd4 $14) 12. fxg4 Qxe4 13. gxh5 (13. Rg1 $2 Nf4 $44) 13... Qxh1 14. Bg1 Qf3 (
14... Ne5 $5) (14... Rfe8 $5) 15. Qd5 Ne5 (15... Qxd5 $5 16. cxd5 Nb4 17. O-O-O
Nxa2+ 18. Kb1 Nb4 19. Nc3 $13) 16. h6 g6 (16... Qxd5 17. cxd5 Nf3+ (17... Nd3+
$2 18. Kd2 Nxb2 19. Nc3 $18) 18. Kf2 Nxg1 19. hxg7 Kxg7 20. Nxg1 Rae8 21. Rc1
Re7 22. Nf3 a6 23. Bd3 $14) 17. O-O-O Rfe8 18. Qd4 c5 19. Qxd6 Nxc4 20. Qf4 $1
Ne5 (20... Qxf4+ 21. Nxf4 Ne3 22. Bxe3 Rxe3 23. Nd5 $36) 21. Bg2 $1 Qxf4+ (
21... Qxg2 22. Qf6 $18) (21... Qxe2 22. Qf6 Nd3+ 23. Rxd3 Qe5 24. Qxe5 Rxe5 $16
) 22. Nxf4 Rad8 23. Rxd8 Rxd8 24. Bxb7 g5 $2 (24... Nd3+ 25. Nxd3 Rxd3 26. Bxc5
Rd7 27. Be4 Rc7 28. b4 a5 29. a3 $18) (24... Ng4 25. Bxc5 $14) 25. Nd5 Rb8 26.
Nf6+ Kh8 (26... Kf8 $4 27. Bxc5#) 27. Be4 Rb6 28. Nxh7 Rb4 (28... Rxh6 29. Bxc5
Rxh2 30. Bd4 $18) 29. Bc2 f5 (29... Rh4 30. Bxc5 Rxh2 31. Bd4 $18) 30. Nxg5 Rg4
31. Bxc5 Rxg5 32. Bd4 {Ribli} (32. Bd4 f4 33. h4 Rh5 34. Bg6 Rxh6 35. Bxe5+ Kg8
36. h5 $18) 1-0

[Event "EU-ch 2nd"]
[Site "Ohrid"]
[Date "2001.06.05"]
[Round "5"]
[White "Gurevich, Mikhail"]
[Black "Gyimesi, Zoltan"]
[Result "0-1"]
[WhiteElo "2688"]
[BlackElo "2571"]
[Annotator "Ribli,Z"]
[PlyCount "112"]
[EventDate "2001.06.01"]
[EventType "swiss"]
[EventRounds "13"]
[EventCountry "YUG"]
[SourceTitle "CBM 084"]
[Source "ChessBase"]
[SourceDate "2001.09.13"]
[SourceVersion "1"]
[SourceVersionDate "2001.09.13"]
[SourceQuality "1"]

1. c4 e5 2. Nc3 Bb4 {GM Gyimesi spielt diese Nebenvariante gerne und mit
Erfolg.} 3. Nd5 Bc5 4. Nf3 {Dieser Zug wird zwar oft gespielt, aber vielleicht
bietet der Bauernzug Weiß bessere Chancen auf Eröffnungsvorteil.} (4. e3 $5 Ne7
(4... Nf6 5. d4 Nxd5 6. cxd5 exd4 7. exd4 Bb4+ 8. Bd2 Bxd2+ 9. Qxd2 O-O 10. Bc4
c6 11. Ne2 cxd5 12. Bxd5 d6 13. O-O {1-0 Andersson,U-Godena,M/France 2000/EXT
2001 (31)}) 5. b4 Nxd5 6. bxc5 Nf6 7. d4 Qe7 8. Be2 O-O 9. Nf3 exd4 10. exd4
Re8 11. h3 b6 12. cxb6 axb6 13. Be3 {1-0 Rustemov,A-Sokolov,I/ICC INT 2001 (60)
}) 4... c6 (4... d6 5. b4 Bb6 6. d3 Ne7 7. Nxb6 {1/2-1/2 Chernin,A-Gyimesi,Z/
Budapest 2000/EXT 2001 (7)}) 5. Nc3 d6 6. g3 {GM Gurevich entwickelt seinen
Läufer gerne nach g2.} (6. e3 Qe7 7. d4 exd4 8. Nxd4 Nf6 9. Be2 O-O 10. O-O (
10. O-O {1/2-1/2 Nielsen,P-Gyimesi,Z/Stockholm SWE 2001/(10)}) 10... Rd8 11.
Qc2 d5 12. cxd5 Bxd4 13. exd4 Nxd5 14. Re1 Re8 15. Bd2 Be6 16. Ne4 Nd7 17. Ng5
Nf8 18. Bg4 Nf6 19. Bxe6 Nxe6 20. Nxe6 fxe6 21. Bf4 Rad8 22. Rad1 Rd5 {[%csl
Gd5] 0-1 Aleksandrov,A-Gyimesi,Z/Ohrid 2001/CBM 84_01 (73)}) (6. d4 exd4 7.
Nxd4 Nf6 8. Nb3 Bb4 9. Qd4 (9. Bd2 O-O 10. e3 (10. a3 Bxc3 11. Bxc3 Ne4 $11)
10... Re8 $11) 9... O-O 10. Bg5 Nbd7 11. a3 Bxc3+ 12. Qxc3 Qb6 13. Nd2 d5 {
1/2-1/2 Agrest,E-Sokolov,I/Sweden 2000/EXT 2001 (40)}) 6... Nf6 7. d3 {Weiß
muss sich gegen e5-e4 verteidigen.} (7. Bg2 e4 $1 (7... O-O 8. O-O (8. d4 exd4
9. Nxd4 Qb6 10. e3 Bg4 $11) 8... Be6 (8... e4 $1 9. Ng5 d5 $11) 9. b3 Nbd7 (
9... Bb6 $5) 10. d4 {Auf diese Weise kommt Weiß ohne Tempoverlust zu diesem
Zug.} exd4 11. Nxd4 $14) 8. Ng5 d5 $11) 7... O-O 8. Bg2 h6 {Schwarz bereitet
den Zug 9...Be6 vor.} 9. O-O Be6 $11 {Schwarz hat eine bequeme Stellung
erreicht, seine Figuren stehen gesund.} 10. b3 Bb6 $5 {[%mdl 4] Ein
prophylaktischer Zug - Schwarz vermeidet das mögliche 11.d4 (mit Tempo).} (
10... Nbd7 11. d4 exd4 12. Nxd4) 11. e3 (11. d4 e4 $15) 11... Re8 (11... Nbd7
12. d4 e4 13. Nd2 d5 $11) 12. Ba3 (12. d4 e4 13. Nd2 d5 $11 (13... Bg4)) (12.
Bb2 Nbd7 $11) 12... Bc7 {Schwarz verteidigt den Pd6 und bereitet den Zug 13...
Nbd7 vor.} (12... Na6) 13. Qc2 Bf5 (13... Nbd7 14. d4 e4 15. Nd2 (15. Nxe4 $2
Nxe4 16. Qxe4 Bxc4 $17) 15... d5 16. cxd5 cxd5 17. Nb5 $14) 14. h3 (14. e4 Bg4
$11) 14... Nbd7 15. Rad1 Rc8 {[%cal Gc8c2]} 16. Nd2 (16. e4 Bh7 17. d4 exd4 18.
Nxd4 d5 $15 {[%cal Gh7c2]}) 16... Nc5 (16... Qe7) 17. e4 (17. Nde4 $11) 17...
Bh7 (17... Bg6 $11) 18. Nf3 Bb6 $1 $15 {[%cal Gc5e6,Ge6d4] Schwarz verbessert
die Stellung seines Läufers. In der Folge kann er eventuell Ne6 ziehen.} (18...
Ne6 19. d4 d5 $13 {[%cal Gh7c2]}) 19. Kh1 (19. b4 Ne6 $15) (19. Kh2 $5) 19...
a5 {Schwarz sichert seinen Springerposten auf c5 - Weiß kann nun nicht so
leicht b3-b4 ziehen.} (19... Ne6 $5) 20. Na4 Ba7 (20... Nxa4 21. bxa4 $132 {
[%cal Gd1b1,Gb1b7]}) 21. Nxc5 Bxc5 22. Bb2 (22. Bxc5 dxc5 $15 {[%csl Yd4][%cal
Gf6d7,Gd7f8,Gf8e6,Ge6d4]}) 22... Qb6 23. a3 Rcd8 24. Rb1 {[%cal Gb1b6] Droht
25.b4 cxb4 26.axb4 Bxb4 27.Bc3 c5 28.Bxb4 cxb4 29.Qb3.} Qa7 25. Ra1 {[%cal
Ga1a7]} d5 $1 {[%mdl 64] Dieser Durchbruch im Zentrum kommt zur rechten Zeit.
Schwarz opfert vorübergehend seinen Pe5, gewinnt ihn aber zurück und erhält am
Ende die aktivere Stellung.} 26. cxd5 (26. Nxe5 dxe4 27. dxe4 Bd4 28. Bxd4 Qxd4
29. Nf3 Qxe4 30. Qxe4 Nxe4 $15 (30... Bxe4 $15)) 26... cxd5 27. Nxe5 dxe4 28.
Qc4 {[%cal Rc4f7]} (28. dxe4 Bd4 29. Rad1 $5 (29. Bxd4 Qxd4 30. Nf3 Qxe4 $15)
29... Bxb2 (29... Rxe5 30. Qc4 Red5 (30... b5 31. Bxd4 (31. Rxd4 bxc4 32. Rxd8+
Re8 33. Bxf6 Rxd8 34. Bxd8 cxb3 $19) 31... bxc4 32. Bxa7 Rxd1 33. Rxd1 cxb3 $17
) (30... Bxb2 31. Rxd8+ Re8 32. Rfd1 $13) 31. exd5 Bxb2 32. Qc7 (32. d6 $6 Bxa3
$17) 32... Qa8 $13) 30. Qxb2 Nxe4 $15) 28... Re7 (28... Rd5 $6 29. Ng4 $1 (29.
dxe4 Rdxe5 30. Bxe5 Rxe5 31. f4 Rxe4 $19) 29... Nxg4 30. Qxd5 Nxf2+ 31. Kh2 $13
) 29. dxe4 Bxf2 30. g4 (30. Kh2 Qe3 $19) 30... Bg3 $1 (30... Rde8 31. Nxf7 Rxf7
32. e5 $132) 31. Nxf7 {Weiß hat keine Wahl, er muss versuchen, im Trüben zu
fischen.} Rxf7 32. Rad1 $6 (32. Bxf6 gxf6 (32... b5 33. Qxf7+ Qxf7 34. Bxd8
Qxb3 35. Bxa5 $14) 33. Rxf6 b5 (33... Rdf8) 34. Rxf7 Qxf7 35. Qxb5 Bc7 36. Rf1
$13) 32... Rxd1 33. Rxd1 Qb8 $1 $17 34. e5 (34. Bxf6 gxf6) 34... Bxe5 35. Bxe5
Qxe5 36. Rd8+ Ne8 37. Bd5 Bg6 {Die Koordination der schwarzen Figuren ist
ausgezeichnet - alles in seiner Stellung ist verteidigt.} (37... Qe1+ 38. Kg2
Bg6) 38. Bxf7+ Bxf7 39. Qd3 Qa1+ 40. Kh2 Qb2+ 41. Kg3 Qxa3 {Schwarz hat großen
Materialvorteil.} 42. Qb5 Kf8 43. Qxb7 Qxb3+ 44. Qxb3 Bxb3 $19 {Die weiße
Stellung ist völlig hoffnungslos.} 45. Ra8 a4 46. Kf4 Kf7 47. Ke5 Nf6 48. Ra7+
Kg6 49. Kd4 Nd5 50. h4 Nf6 51. Ra6 (51. g5 hxg5 52. hxg5 Nh7 $19) 51... Bd1 52.
Ke3 Bxg4 53. Rxa4 Kh5 54. Ra7 Nd7 55. Kf2 Kxh4 56. Kg2 g6 0-1

[Event "Interzonal-16"]
[Site "Biel"]
[Date "1993.??.??"]
[Round "12"]
[White "Xu, Jun"]
[Black "Speelman, Jonathan S"]
[Result "1-0"]
[WhiteElo "2535"]
[BlackElo "2605"]
[Annotator "Ribli,Z"]
[PlyCount "69"]
[EventDate "1993.07.16"]
[EventType "swiss"]
[EventRounds "13"]
[EventCountry "SUI"]
[SourceTitle "CBM 037"]
[Source "ChessBase"]
[SourceDate "1993.12.01"]
[SourceVersion "1"]
[SourceVersionDate "1993.12.01"]
[SourceQuality "1"]

1. d4 d6 2. c4 e5 3. Nf3 e4 4. Ng5 f5 5. Nh3 Nf6 6. Nc3 c6 7. e3 (7. Bg5 $5) (
7. g3 $5) 7... g6 (7... Be7 $5 {Grooten,H-Har Zvi,R/Wijk op/1993/CBM34/}) 8.
Nf4 Na6 (8... Bg7 9. h4 O-O 10. Be2 $13 {Campos Moreno-Speelman/Manila ol/1992/
INF55,24/} (10. h5 $5)) 9. h4 Nc7 10. d5 Bg7 11. h5 g5 12. h6 Bf8 13. Nh5 Rg8 (
13... Bxh6 $2 14. Nxf6+ Qxf6 15. Qh5+ $18) 14. b3 Rg6 (14... Bxh6 15. Nxf6+
Qxf6 16. Qh5+ Rg6 17. Bb2 $44) 15. Ng7+ Kf7 (15... Bxg7 16. hxg7 Rxg7 17. Bb2
$44) 16. Be2 g4 17. Bb2 Nce8 18. Nxe8 Qxe8 19. dxc6 bxc6 20. Qd4 g3 (20... c5
21. Qd2 Bb7 22. Nb5 $36) 21. fxg3 Qe5 (21... Rxg3 $2 22. Nd5 $1 $18) 22. Qxe5
dxe5 23. Na4 Ke6 24. Kf2 Bd7 25. Rad1 Be7 26. g4 $5 (26. Rh3 Rag8 $13) 26...
Nxg4+ 27. Bxg4 Rxg4 28. Bxe5 Kxe5 (28... Rag8 $2 29. Bg7 $16) 29. Rxd7 Ke6 30.
Rc7 Rag8 31. Rg1 Bh4+ 32. Ke2 (32. Kf1 f4 33. exf4 Rxf4+ 34. Ke2 Rf2+ 35. Ke3
Rxa2 $13) 32... Rxg2+ 33. Rxg2 Rxg2+ 34. Kf1 f4 $4 (34... Rf2+ 35. Kg1 f4 $36)
35. Kxg2 1-0

[Event "Leon"]
[Site "Leon"]
[Date "1990.??.??"]
[Round "10"]
[White "Franco Ocampos, Zenon"]
[Black "Romero Holmes, Alfonso"]
[Result "0-1"]
[WhiteElo "2475"]
[BlackElo "2460"]
[Annotator "Ribli,Z"]
[PlyCount "60"]
[EventDate "1990.06.??"]
[EventType "tourn"]
[EventRounds "11"]
[EventCountry "ESP"]
[EventCategory "9"]
[SourceTitle "CBM 020"]
[Source "ChessBase"]
[SourceDate "1991.02.01"]
[SourceVersion "1"]
[SourceVersionDate "1991.02.01"]
[SourceQuality "1"]

1. c4 e5 2. Nc3 d6 3. d4 exd4 4. Qxd4 Nc6 5. Qd2 Nf6 6. g3 Be6 7. e4 Be7 $5 8.
b3 $2 Nxe4 $1 9. Nxe4 d5 10. Bg2 (10. cxd5 Bb4 11. Nc3 Qxd5 $1) 10... Bb4 11.
Nc3 d4 12. Bb2 Qf6 13. Nge2 O-O-O 14. Qc1 dxc3 15. Bxc3 Qe5 (15... Rhe8 $5) 16.
Bxc6 bxc6 (16... Bxc3+ 17. Qxc3 Qxc3+ 18. Nxc3 bxc6) 17. Bxb4 Bh3 (17... Bg4
18. O-O Qxe2 19. Re1 Qf3 20. Re3 Qf5 21. Qa3) 18. Qc3 Qf5 $1 19. g4 Bxg4 20. f3
Rd3 $1 21. fxg4 Qe4 $1 22. Qxd3 Qxd3 23. Rd1 Qh3 24. Ng3 Qxg4 25. O-O h5 $1 26.
Kh1 h4 27. Nf5 Qe4+ 28. Kg1 Rh5 29. Rd2 Rg5+ 30. Kf2 Rg2# 0-1

[Event "URS-chT Republics 19th Group1"]
[Site "Azov"]
[Date "1991.??.??"]
[Round "?"]
[White "Ibragimov, Ildar"]
[Black "Titov, German1"]
[Result "1-0"]
[WhiteElo "2485"]
[BlackElo "2505"]
[Annotator "Ribli,Z"]
[PlyCount "53"]
[EventDate "1991.??.??"]
[EventType "team-tourn"]
[EventRounds "5"]
[EventCountry "URS"]
[SourceTitle "EXT 2020"]
[Source "ChessBase"]
[SourceDate "2019.10.17"]
[SourceVersion "1"]
[SourceVersionDate "2019.10.17"]
[SourceQuality "1"]
[WhiteTeam "Russia"]
[BlackTeam "Moldova"]
[WhiteTeamCountry "RUS"]
[BlackTeamCountry "MDA"]

1. d4 d6 2. c4 e5 3. Nf3 e4 4. Ng5 f5 5. Nc3 c6 6. Nh3 (6. g3 Na6 7. Bg2 Be7 8.
Nh3 Nc7 9. d5 cxd5 10. cxd5 Nf6 11. O-O O-O 12. f3 $13 {Gostica,L-Supancic,D
Maribor 1990 EXP/20}) 6... Nf6 (6... Na6 7. g3 g6 8. Bg2 Bg7 9. O-O Nf6 10. Bg5
h6 11. Bxf6 Qxf6 12. e3 O-O $10 {Yusupov,A-Hansen,Cu Hamburg SKA 1991 CBM/24})
7. Bg5 Be7 (7... h6 $5 8. Bxf6 Qxf6 9. e3 g5 10. Qh5+ Qf7 11. Qxf7+ Kxf7 12. g4
Nd7 $1 13. gxf5 Nf6 $10 {Uhlmann-Sax Szirak 1985 40/33}) 8. e3 O-O 9. Nf4 Na6
10. Be2 Nc7 11. Qb3 Nd7 12. Bxe7 Qxe7 13. h4 Ne6 14. Nxe6 Qxe6 15. g3 Nf6 16.
d5 Qe7 (16... cxd5 $5) 17. c5 $1 Kh8 18. dxc6 dxc5 19. cxb7 Bxb7 20. O-O-O $1
$14 Rab8 21. Qa4 $1 Bc8 22. Rd2 Be6 23. Rhd1 h6 24. Qa5 Kh7 25. Rd6 Rfc8 26.
Ba6 Rc7 $2 27. Rxe6 1-0